ბათუმის შოთა რუსთაველის სახელმწიფო უნივერსიტეტის ბიბლიოთეკა

დროშები : (ბიბ.ჩანაწერი № 39321)

000 -ლიდერი
ფიქსირებული სიგრძის საკონტროლო ველი 00785nam a2200217Ia 4500
001 - საკონტროლო ნომერი
საკონტროლო ველი 5907
003 - საკონტროლო ნომრის იდენტიფიკატორი
საკონტროლო ველი GE_BSU
005 - ბოლო ოპერაციის თარიღი და დრო
საკონტროლო ველი 20190821122232.0
008 - ფიქსირებული სიგრძის მონაცემთა ელემენტები - ზოგადი ინფორმაცია
ფიქსირებული სიგრძის საკონტროლო ველი 181216s1954||||ge |||||||||||||| ||geo||
040 ## - კატალოგიზაციის წყარო
Transcribing agency GE_BSU
041 ## - ენის კოდი
Language code of text/sound track or separate title geo
080 ## - უნივერსალური ათობითი კლასიფიკაციის ინდექსი
Universal Decimal Classification number 821.353.1-1 ა-13
100 ## - მთავარი ჩანაწერი - პიროვნების სახელი
Personal name აბაშიძე, გრიგოლ
9 (RLIN) 1383
245 ## - ცნობა სათაურის შესახებ
Title დროშები :
Remainder of title ლექსები /
Statement of responsibility, etc გრიგოლ აბაშიძე ; რედ. ს. ჩიქოვანი.
264 ## - წარმოების, გამოცემის, დისტრიბუციის და სხვა ცნობები
გამოცემის, წარმოების, დისტრიბუციის... ადგილი თბილისი :
გამოცემის, წარმოების, დისტრიბუციის... სახელწოდება საბჭოთა მწერალი ;
გამოცემის, წარმოების, დისტრიბუციის... თარიღი 1945.
300 ## - ფიზიკური აღწერა
Extent 60 გვ. ;
Dimensions 16 სმ.
653 ## - INDEX TERM--UNCONTROLLED
Uncontrolled term დროშები
653 ## - INDEX TERM--UNCONTROLLED
Uncontrolled term ლექსები
700 ## - ADDED ENTRY--PERSONAL NAME
Personal name ჩიქოვანი, ს.
Relator term რედაქტორი
9 (RLIN) 3719
942 ## - ADDED ENTRY ELEMENTS (KOHA)
Koha item type წიგნი
Source of classification or shelving scheme
ეგზემპლარები
ჩამოწერის სტატუსი დაკარგული ეგზემპლარის სტატუსი კლასიფიკაციის წყარო ან თაროზე გაწყობის სქემა დაზიანების სტატუსი არ გაიცემა მუდმივი მდებარეობა (დაცვის ადგილი) ამჟამინდელი ადგილსამყოფელი თაროზე განთავსების ადგილი შეძენის თარიღი ღირებულება, შესყიდვის ნორმალური ფასი სრული შენახვის შიფრი შტრიხკოდი ბოლო ოპერაციის თარიღი ეგზემპლარის მიმდევრობითი ნომერი (კეტერი?) ფასის ძალაში შესვლის თარიღი ეგზემპლარის სახეობა საჯარო შენიშვნა
          ბათუმის შოთა რუსთაველის სახელმწიფო უნივერსიტეტის მთავარი ბიბლიოთეკა ბათუმის შოთა რუსთაველის სახელმწიფო უნივერსიტეტის მთავარი ბიბლიოთეკა წიგნსაცავი 2018-12-17 18.00 821.353.1-1 ა-13 13516 2018-12-17 13516 2018-12-17 წიგნი 18 ლ.
          ბათუმის შოთა რუსთაველის სახელმწიფო უნივერსიტეტის მთავარი ბიბლიოთეკა ბათუმის შოთა რუსთაველის სახელმწიფო უნივერსიტეტის მთავარი ბიბლიოთეკა წიგნსაცავი 2018-12-17 5.20 821.353.1-1 ა-13 13517 2018-12-17 13517 2018-12-17 წიგნი 5.20 ლ.
          ბათუმის შოთა რუსთაველის სახელმწიფო უნივერსიტეტის მთავარი ბიბლიოთეკა ბათუმის შოთა რუსთაველის სახელმწიფო უნივერსიტეტის მთავარი ბიბლიოთეკა წიგნსაცავი 2018-12-17 18.00 821.353.1-1 ა-13 13518 2018-12-17 13518 2018-12-17 წიგნი 18 ლ.
          ბათუმის შოთა რუსთაველის სახელმწიფო უნივერსიტეტის მთავარი ბიბლიოთეკა ბათუმის შოთა რუსთაველის სახელმწიფო უნივერსიტეტის მთავარი ბიბლიოთეკა წიგნსაცავი 2018-12-17 18.00 821.353.1-1 ა-13 13519 2018-12-17 13519 2018-12-17 წიგნი 18 ლ.
          ბათუმის შოთა რუსთაველის სახელმწიფო უნივერსიტეტის მთავარი ბიბლიოთეკა ბათუმის შოთა რუსთაველის სახელმწიფო უნივერსიტეტის მთავარი ბიბლიოთეკა წიგნსაცავი 2018-12-17 18.00 821.353.1-1 ა-13 13520 2018-12-17 13520 2018-12-17 წიგნი 18 ლ.